000
00258nam a22001217a 4500
003
SGT
082
_a
618.92
_b
G17P
100
_a
PAUL, VINOD K.
245
_a
GHAI ESSENTIAL PEDIATRICS
260
_a
INDIA
_b
CBS
_c
2017
300
_a
783
942
_2
ddc
_c
BK
_0
11
999
_c
14985
_d
14985